| 000 | 01164nam a22003257a 4500 | ||
|---|---|---|---|
| 003 | CHAP | ||
| 005 | 20220329134212.0 | ||
| 008 | 971013s1986 r 00010 d | ||
| 010 | _a16905 | ||
| 011 | _a17877 | ||
| 035 | _a21961 | ||
| 040 | _cCHAP | ||
| 090 | _aFolleto 10273 | ||
| 110 |
_aJapón Quintero, José _9175408 |
||
| 245 | _aCultivo del brocoli y de la col de bruselas | ||
| 260 |
_aMadrid : _bMinisterio de Agricultura, Pesca y Alimentación, _c1986 |
||
| 300 |
_a20 p. _b: ilus |
||
| 490 |
_aMinisterio de Agricultura, Pesca y Alimentación. España. Hojas divulgadoras _v; 5/86 |
||
| 590 |
_aBATCH-UPD _b10 _c20130110 _lUCH01 _h1418 |
||
| 590 |
_aBATCH-UPD _b10 _c20130410 _lUCH01 _h0901 |
||
| 590 |
_aBATCH-UPD _b10 _c20130914 _lUCH01 _h0750 |
||
| 590 |
_aCONVERSION _b10 _c20130109 _lUCH01 _h1310 |
||
| 650 | 1 | 4 |
_aBrócoli. _915529 |
| 650 | 1 | 4 |
_aCol de Bruselas. _924504 |
| 830 | 0 |
_aMinisterio de Agricultura, Pesca y Alimentación. España. Hojas divulgadoras _v; 5/86 _975968 |
|
| 901 | _aBK | ||
| 942 | _cFOLL | ||
| 949 |
_aFolleto 10273 _bBC _cFOLL _d-51129 _eTS1 _i21961 _mD _si |
||
| 949 |
_aFolleto 10273 _bBC _cFOLL _d-51130 _eTS2 _fc.2 _i21961 _mD _si |
||
| 999 |
_c16905 _d16905 |
||